00513cam a22002051 4500001001300000003000400013005001700017008004100034010001700075035002000092040001800112042001200130050002100142100002900163245002000192250001600212260003500228300002700263999001700290f 01001522 DLC20260227111240.0890329s1898 fr 000 0 fre  af 01001522  a(OCoLC)23408688 aDLCcMiUdDLC apremarc00aPQ2411b.V6 18981 aSand, George,d1804-187613aLa ville noire, aNouv. éd. aParis,bCalmann Lévy,c1898. a2 p.l., 259 p.c19 cm. c22590d22590